Southville International School and Colleges
Your cart is empty.
  • Cart
  • Lists
    Public lists Eva Luna New books Lux_list list_1
    Your lists Log in to create your own lists
  • Log in to your account
  • Your cookies
  • Search history
Southville International School and Colleges
  • Advanced search
  • Recent comments
  • Most popular
  • Libraries

Log in to your account

Log in with GOOGLE


If you do not have an external account, but do have a local account, you can still log in:

  1. Home
  2. MARC view: Bud, not Buddy /
Normal view MARC view ISBD view

Bud, not Buddy / (Record no. 283903)

[ view plain ]
MARC details
000 -LEADER
fixed length control field 00617nam a22002057a 4500
003 - CONTROL NUMBER IDENTIFIER
control field PILC
005 - DATE AND TIME OF LATEST TRANSACTION
control field 20260310094424.0
008 - FIXED-LENGTH DATA ELEMENTS--GENERAL INFORMATION
fixed length control field 150508b xxu||||| |||| 00| 0 eng d
010 ## - LIBRARY OF CONGRESS CONTROL NUMBER
LC control number 99010614
020 ## - INTERNATIONAL STANDARD BOOK NUMBER
International Standard Book Number 0439221889
050 00 - LIBRARY OF CONGRESS CALL NUMBER
Classification number PZ7.C94137
Item number B8 1999
100 1# - MAIN ENTRY--PERSONAL NAME
Personal name Curtis, Christopher Paul.
245 10 - TITLE STATEMENT
Title Bud, not Buddy /
Statement of responsibility, etc Christopher Paul Curtis.
260 ## - PUBLICATION, DISTRIBUTION, ETC. (IMPRINT)
Place of publication, distribution, etc New York :
Name of publisher, distributor, etc Scholastic,
Date of publication, distribution, etc 1999.
300 ## - PHYSICAL DESCRIPTION
Extent viii, 245 p. ;
Dimensions 20 cm.
650 #1 - SUBJECT ADDED ENTRY--TOPICAL TERM
Topical term or geographic name as entry element Runaways
Form subdivision Fiction.
650 #1 - SUBJECT ADDED ENTRY--TOPICAL TERM
Topical term or geographic name as entry element African Americans
Form subdivision Fiction.
650 #1 - SUBJECT ADDED ENTRY--TOPICAL TERM
Topical term or geographic name as entry element Depressions
Chronological subdivision 1929
Form subdivision Fiction.
942 ## - ADDED ENTRY ELEMENTS (KOHA)
Source of classification or shelving scheme Library of Congress Classification
Koha item type Books
Classification part PZ7.C94137 1999
Holdings
Withdrawn status Lost status Source of classification or shelving scheme Damaged status Home library Current library Shelving location Date acquired Source of acquisition Total Checkouts Total Renewals Full call number Barcode Date last seen Date checked out Price effective from Koha item type
    Library of Congress Classification   Luxembourg Library Luxembourg Library Scholastic Reading Center Section 05/08/2015 Donation 3 4 PZ 7 .C94137 B8 1999 LEX0844 04/18/2017 12/17/2015 05/08/2015 Books

Bud, not Buddy /

APA

Curtis C. P., . (1999). Bud, not Buddy. New York: Scholastic.

Chicago

Curtis Christopher Paul, . 1999. Bud, not Buddy. New York: Scholastic.

Harvard

Curtis C. P., . (1999). Bud, not Buddy. New York: Scholastic.

MLA

Curtis Christopher Paul, . Bud, not Buddy. New York: Scholastic. 1999.

  • Place hold
  • Print
  • Cite
  • Add to your cart (remove)
  • Save record
    BIBTEX Dublin Core MARCXML MARC (non-Unicode/MARC-8) MARC (Unicode/UTF-8) MARC (Unicode/UTF-8, Standard) MODS (XML) RIS
  • More searches
    Search for this title in:
    Other Libraries (WorldCat) Other Databases (Google Scholar) Online Stores (Bookfinder.com) Open Library (openlibrary.org)

Exporting to Dublin Core...

SOUTHVILLE LIBRARY

Southville International School and Colleges Library

1281 Tropical Ave. Cor. Luxembourg St., BF Homes International, Las Pinas City

Tel. No. 8256374 / 252358 Loc. 117/146

Powered by Koha